00546nam a22001937a 450000500170000001000150001702000270003203500130005903500130007203700130008503700310009808200140012910000210014324500570016426000400022127000460026130000250030750000200033220130709121105.0 aENG-105070 a9788184841220c2380.00 aEN-88603 aB-491872 bDBAD/PUB bdplaJanvani Prakashan/Ven a332.64254 aInigo, R. Maria. aFinancial markets and services /cby R. Maria Inigo aNew DelhibRegal Publicationsc2012 aF-159, Rajouri Garden,bNew Delhie110027 axvi,600p. c22cm(Hb) aIncludes index